Similar Book Titles Quiz Stats

 Plays Quiz Updated Jul 13, 2017

Support Sporcle.
Go Orange.
Score 0/28 Timer 06:00
0 Plays Today
% Correct
Gatsby
96.2%
Women
93.7%
Worlds
91.8%
Garden
90.3%
Machine
90%
Mermaid
89.3%
Zhivago
89.2%
Compass
85.9%
Robot
82.7%
Prince
82.1%
Letter
81.9%
Dome
80.1%
Keeper
78.8%
Pimpernel
75.7%
% Correct
Psycho
75.7%
Soldier
74.2%
Faustus
71.7%
Roses
70.6%
Dorrit
66.4%
Earth
64.1%
Claudius
62.6%
Reality
61.9%
Santini
60%
Peace
54.7%
Volcano
50.3%
Gods
47%
Notebook
43.5%
History
30.3%

You're not logged in!

Compare scores with friends on all Sporcle quizzes.
OR
Log In
Forgot?

From the Vault

Movie by College

by cvance52

These movies can't be accurate at all, none of them ever showed anyone playing Sporcle.
Remove Ads.
Support Sporcle.
Get the best of Sporcle when you Go Orange. This ad-free experience offers more features, more stats, and more fun while also helping to support Sporcle. Thank you for becoming a member.

Show Comments

Extras

Top Quizzes Today


Score Distribution

Your Account Isn't Verified!

In order to create a playlist on Sporcle, you need to verify the email address you used during registration. Go to your Sporcle Settings to finish the process.

Report this User

Report this user for behavior that violates our Community Guidelines.

Details: